000 00829cam a2200217 a 4500
001 000009654
005 20200929161646.0
008 921027s1990 cu 001 d spa d
040 _aDO-SdBNP
_bspa
_cBNPHU
082 _aU862.3
_bS211b
100 1 _aSánchez, Florencio,
_d1875-1910.
_914985
245 1 0 _aBarranca abajo y otras obras /
_cFlorencio Sánchez ; edición Dania Pérez Rubio ; introducción Diony Durán.
260 _aLa Habana, Cuba :
_bEditorial Arte y Literatura,
_c1990.
300 _a300 p. ;
_c20 cm.
505 0 _aM'hijo el doctor -- La gringa --Barranca abajo -- En familia -- Los muertos -- Moneda falsa.
650 4 _aTeatro uruguayo
_94024
650 4 _aLiteratura uruguaya
_93054
650 4 _aDrama uruguayo
_924536
700 1 _aPérez Rubio, Dania
_eed.
_95482
700 1 _aDurán, Diony
_eintr.
_924537
999 _c9414
_d9414